[Event "AUT-chT2W 1516"]
[Site "Austria"]
[Date "2015.10.18"]
[Round "3.2"]
[White "Westermeier, Arnulf"]
[Black "Nestorovic, Nikola"]
[Result "0-1"]
[WhiteElo "2266"]
[BlackElo "2470"]
[PlyCount "63"]
[EventDate "2015.10.16"]
[EventType "team-tourn"]
[EventRounds "11"]
[EventCountry "AUT"]
[SourceTitle "CBM 168 Extra"]
[Source "ChessBase"]
[SourceDate "2015.10.29"]
[SourceVersion "1"]
[SourceVersionDate "2015.10.29"]
[SourceQuality "1"]
[WhiteTeam "Salzburg"]
[BlackTeam "Bernhard II"]
[WhiteTeamCountry "AUT"]
[BlackTeamCountry "AUT"]

1. e4 e5 2. Nc3 Nf6 3. g3 d5 4. exd5 Nxd5 5. Bg2 Nxc3 6. bxc3 Nc6 7. Nf3 Bc5 8. 0-0 0-0 9. Re1 Bg4 10. h3 Bh5 11. d3 f5 12. Qe2 Bb6 13. Be3 Qf6 14. Qd2 h6 15. Kh2 Rad8 16. Ng1 e4 17. Bxb6 axb6 18. d4 Na5 19. Ne2 g5 20. g4 fxg4 21. Ng3 Bg6 22. Bxe4 gxh3 23. Kxh3 Bxe4 24. Rxe4 Qxf2 25. Qxf2 Rxf2 26. Re7 Rdf8 27. Rxc7 R8f4 28. Nh5 Rh4+ 29. Kg3 Rf7 30. Rxf7 Kxf7 31. Rf1+ Kg6 32. Nf6 0-1

[Event "AUT-chT2W 1516"]
[Site "Austria"]
[Date "2015.10.17"]
[Round "2.2"]
[White "Roeberg, Frank"]
[Black "Westermeier, Arnulf"]
[Result "1/2-1/2"]
[WhiteElo "2249"]
[BlackElo "2266"]
[PlyCount "60"]
[EventDate "2015.10.16"]
[EventType "team-tourn"]
[EventRounds "11"]
[EventCountry "AUT"]
[SourceTitle "CBM 168 Extra"]
[Source "ChessBase"]
[SourceDate "2015.10.29"]
[SourceVersion "1"]
[SourceVersionDate "2015.10.29"]
[SourceQuality "1"]
[WhiteTeam "Schwarzach"]
[BlackTeam "Salzburg"]
[WhiteTeamCountry "AUT"]
[BlackTeamCountry "AUT"]

1. e4 c5 2. Nf3 a6 3. Nc3 b5 4. d4 cxd4 5. Nxd4 Bb7 6. Bd3 e6 7. 0-0 Nc6 8. Be3 Nf6 9. Qe2 b4 10. Na4 Be7 11. c4 Ne5 12. f3 d6 13. Rfd1 0-0 14. Nb3 Qc7 15. Nb6 Rab8 16. Rac1 Nfd7 17. Nxd7 Nxd7 18. Nd4 Nc5 19. Bb1 Rfd8 20. Qf2 Ba8 21. b3 Bf6 22. Qg3 Qe7 23. Qf2 g6 24. Rd2 Rbc8 25. Ne2 Qc7 26. Rcd1 h5 27. Bf4 e5 28. Be3 Be7 29. Nc1 Qb8 30. Bd3 a5 1/2-1/2

[Event "AUT-chT2W 1112"]
[Site "Austria"]
[Date "2012.01.29"]
[Round "8.1"]
[White "Froewis, Georg"]
[Black "Westermeier, Arnulf"]
[Result "0-1"]
[WhiteElo "2424"]
[BlackElo "2260"]
[PlyCount "64"]
[EventDate "2011.10.07"]
[EventType "team-tourn"]
[EventRounds "11"]
[EventCountry "AUT"]
[SourceTitle "EXT 2013"]
[Source "ChessBase"]
[SourceDate "2012.11.22"]
[SourceVersion "1"]
[SourceVersionDate "2012.11.22"]
[SourceQuality "1"]
[WhiteTeam "Hohenems II"]
[BlackTeam "Salzburg"]
[WhiteTeamCountry "AUT"]
[BlackTeamCountry "AUT"]

1. Nf3 Nf6 2. c4 e6 3. Nc3 d5 4. d4 Be7 5. Bf4 0-0 6. e3 Nbd7 7. c5 c6 8. Be2 b6 9. b4 a5 10. a3 Ba6 11. b5 cxb5 12. c6 Qc8 13. Nxb5 Qxc6 14. Rc1 Bxb5 15. Rxc6 Bxc6 16. a4 Bb4+ 17. Kf1 Ne4 18. Bb5 Bxb5+ 19. axb5 Rfc8 20. g4 a4 21. Kg2 a3 22. Qb3 Bc3 23. Qa2 Bb2 24. Bg3 Ra5 25. Qb3 Rc4 26. Rb1 Bc3 27. Qa2 Rb4 28. Rxb4 Bxb4 29. Qb3 a2 30. Qxb4 a1Q 31. Qe7 Nf8 32. Bc7 Qa3 0-1

[Event "AUT-chT2W 0910"]
[Site "Austria"]
[Date "2010.03.14"]
[Round "11.1"]
[White "Westermeier, Arnulf"]
[Black "Sergeev, Vladimir"]
[Result "1/2-1/2"]
[WhiteElo "2277"]
[BlackElo "2447"]
[PlyCount "130"]
[EventDate "2009.10.23"]
[EventType "team-tourn"]
[EventRounds "11"]
[EventCountry "AUT"]
[SourceTitle "EXT 2011"]
[Source "ChessBase"]
[SourceDate "2010.11.26"]
[SourceVersion "1"]
[SourceVersionDate "2010.11.26"]
[SourceQuality "1"]
[WhiteTeam "Salzburg"]
[BlackTeam "Dornbirn"]
[WhiteTeamCountry "AUT"]
[BlackTeamCountry "AUT"]

1. e4 c5 2. Nf3 a6 3. Nc3 e6 4. d4 cxd4 5. Nxd4 Qc7 6. Bd3 Nf6 7. Qe2 Nc6 8. Nb3 b5 9. 0-0 Be7 10. f4 d6 11. Bd2 0-0 12. Kh1 b4 13. Nd1 e5 14. Ne3 exf4 15. Rxf4 a5 16. Raf1 Be6 17. c3 bxc3 18. Bxc3 a4 19. Nd4 Nxd4 20. Bxd4 Nd7 21. Nd5 Bxd5 22. exd5 Ne5 23. Bb1 g6 24. a3 Bg5 25. R4f2 Rfe8 26. Qd1 f5 27. Rc2 Qd7 28. Ba2 Re7 29. Re1 Bf6 30. Rce2 Kg7 31. Qd2 Ree8 32. Bc3 h5 33. Qf4 Kh7 34. Qd2 Bh4 35. Rc1 Ng4 36. Rf1 Rxe2 37. Qxe2 Re8 38. Qf3 Bf6 39. Bxf6 Nxf6 40. Qf4 Re4 41. Qc1 Qe7 42. b4 axb3 43. Bxb3 Ng4 44. h3 Ne3 45. Rg1 f4 46. Bd1 Nf5 47. Bf3 Re3 48. a4 Nh4 49. Qc2 Kh6 50. a5 Ra3 51. a6 Nf5 52. Qc8 Qf6 53. Kh2 Nd4 54. Rf1 Ra2 55. Qc4 Ra3 56. Qc8 Ra2 57. Qc4 Ra5 58. Kh1 Qe5 59. Qc8 Ra3 60. Qf8+ Kg5 61. Qd8+ Kh6 62. Qf8+ Kg5 63. Qd8+ Kh6 64. Qf8+ Kg5 65. Qd8+ Kh6 1/2-1/2

[Event "AUT-chT2W 0708"]
[Site "Austria"]
[Date "2007.11.18"]
[Round "5.1"]
[White "Westermeier, Arnulf"]
[Black "Bayer, Bernhard"]
[Result "1/2-1/2"]
[WhiteElo "2272"]
[BlackElo "2367"]
[PlyCount "91"]
[EventDate "2007.10.06"]
[EventType "team"]
[EventRounds "11"]
[EventCountry "AUT"]
[SourceTitle "EXT 2009"]
[Source "ChessBase"]
[SourceDate "2008.11.26"]
[SourceVersion "1"]
[SourceVersionDate "2008.11.26"]
[SourceQuality "1"]
[WhiteTeam "Salzburg"]
[BlackTeam "Schwaz"]
[WhiteTeamCountry "AUT"]
[BlackTeamCountry "AUT"]

1. e4 c6 2. d4 d5 3. Nc3 dxe4 4. Nxe4 Nf6 5. Nxf6+ gxf6 6. c3 Bf5 7. Nf3 Qc7 8. g3 Nd7 9. Bg2 0-0-0 10. Qa4 a6 11. 0-0 e5 12. Re1 Nb6 13. Qb3 c5 14. Be3 Be6 15. Qd1 Nc4 16. Qe2 h6 17. dxe5 fxe5 18. Bc1 f6 19. b3 Nd6 20. Nh4 Bg7 21. Be3 c4 22. Rab1 Nb5 23. Qb2 cxb3 24. axb3 f5 25. c4 e4 26. Qc1 Nc3 27. Ra1 Rd1 28. Qxd1 Nxd1 29. Raxd1 Rd8 30. Ng6 Bc3 31. Rxd8+ Qxd8 32. Rc1 Bb2 33. Rb1 Qf6 34. Nf4 Bf7 35. Bh3 b5 36. Nd5 Bxd5 37. cxd5 a5 38. d6 Ba3 39. Bf1 Qxd6 40. Bxb5 Kb7 41. Bf4 Qb6 42. Ba4 Bc5 43. Rf1 e3 44. fxe3 Bxe3+ 45. Kg2 Bxf4 46. Rxf4 1/2-1/2

[Event "AUT-chT2W 0506"]
[Site "Austria"]
[Date "2005.12.03"]
[Round "4"]
[White "Lanka, Zigurds"]
[Black "Westermeier, Arnulf"]
[Result "1-0"]
[WhiteElo "2510"]
[BlackElo "2289"]
[PlyCount "81"]
[EventDate "2005.10.08"]
[EventType "team"]
[EventRounds "11"]
[EventCountry "AUT"]
[SourceTitle "EXT 2007"]
[Source "ChessBase"]
[SourceDate "2006.11.23"]
[SourceVersion "1"]
[SourceVersionDate "2006.11.23"]
[SourceQuality "1"]
[WhiteTeam "Zillertal"]
[BlackTeam "Salzburg"]
[WhiteTeamCountry "AUT"]
[BlackTeamCountry "AUT"]

1. e4 c5 2. Nf3 a6 3. Nc3 b5 4. d4 cxd4 5. Nxd4 Bb7 6. Bd3 Nc6 7. Nxc6 Bxc6 8. Qe2 e6 9. 0-0 Bc5 10. a4 b4 11. Nd5 a5 12. Bf4 Ra7 13. c3 b3 14. Rfe1 Ne7 15. Qh5 d6 16. Bg5 exd5 17. exd5 Ba8 18. Re4 Kf8 19. Rae1 f6 20. Bxf6 gxf6 21. Qh6+ Kf7 22. Rg4 Ng6 23. Bxg6+ hxg6 24. Qxg6+ Kf8 25. Re8+ Qxe8 26. Qxf6+ Qf7 27. Qxh8+ Ke7 28. Rg7 Bxd5 29. Rxf7+ Bxf7 30. h4 Rd7 31. h5 Rd8 32. Qh7 Rg8 33. Qe4+ Be6 34. h6 Rf8 35. Qh4+ Kf7 36. Qh5+ Kf6 37. g4 Ke7 38. Qh4+ Kf7 39. h7 Kg7 40. Qe7+ Bf7 41. Qxf8+ 1-0

[Event "AUT-chT2W 0304"]
[Site "Austria"]
[Date "2004.03.12"]
[Round "9"]
[White "Schmittdiel, Eckhard"]
[Black "Westermeier, Arnulf"]
[Result "0-1"]
[WhiteElo "2483"]
[BlackElo "2297"]
[PlyCount "114"]
[EventDate "2003.10.18"]
[EventType "team-tourn"]
[EventRounds "11"]
[EventCountry "AUT"]
[SourceTitle "EXT 2005"]
[Source "ChessBase"]
[SourceDate "2004.11.15"]
[SourceVersion "1"]
[SourceVersionDate "2004.11.15"]
[SourceQuality "1"]
[WhiteTeam "Absam"]
[BlackTeam "Salzburg ASK"]
[WhiteTeamCountry "AUT"]
[BlackTeamCountry "AUT"]

1. Nf3 Nf6 2. c4 e6 3. g3 d5 4. b3 Be7 5. Bg2 0-0 6. 0-0 Nbd7 7. Bb2 c6 8. d3 b5 9. Nbd2 Bb7 10. Qc2 Qb6 11. Rab1 Rac8 12. e4 Rfd8 13. e5 Ne8 14. h4 a6 15. Rfe1 Nb8 16. Nf1 c5 17. Ne3 Nc6 18. cxd5 Nb4 19. Qe2 Nxd5 20. Red1 Nxe3 21. fxe3 Nc7 22. Kh2 Bc6 23. e4 b4 24. Qe3 Nb5 25. Rd2 Rc7 26. Bf1 Nd4 27. Rf2 Nxf3+ 28. Qxf3 Bf8 29. Bc1 Bb5 30. Bg5 Ra8 31. Be2 Rd7 32. Rbf1 Qc7 33. Bf4 a5 34. h5 a4 35. Qg4 axb3 36. axb3 g6 37. hxg6 hxg6 38. Bg5 Qxe5 39. Bf6 Qh5+ 40. Qxh5 gxh5 41. Bxh5 Bxd3 42. Re1 Bg7 43. Bxg7 Kxg7 44. Rd1 Rad8 45. e5 Bg6 46. Rxd7 Rxd7 47. Bxg6 Kxg6 48. Rf6+ Kg7 49. Rf4 Rd4 50. Rxd4 cxd4 51. Kg2 Kg6 52. g4 f6 53. exf6 Kxf6 54. Kf3 Kg5 55. Ke4 e5 56. Kd3 Kxg4 57. Kc4 Kf3 0-1

[Event "AUT-chT2W 0304"]
[Site "Austria"]
[Date "2004.01.18"]
[Round "8"]
[White "Westermeier, Arnulf"]
[Black "Bezold, Michael"]
[Result "0-1"]
[WhiteElo "2297"]
[BlackElo "2456"]
[PlyCount "128"]
[EventDate "2003.10.18"]
[EventType "team-tourn"]
[EventRounds "11"]
[EventCountry "AUT"]
[SourceTitle "EXT 2005"]
[Source "ChessBase"]
[SourceDate "2004.11.15"]
[SourceVersion "1"]
[SourceVersionDate "2004.11.15"]
[SourceQuality "1"]
[WhiteTeam "Salzburg ASK"]
[BlackTeam "Hohenems II"]
[WhiteTeamCountry "AUT"]
[BlackTeamCountry "AUT"]

1. e4 c5 2. Nf3 e6 3. d4 cxd4 4. Nxd4 a6 5. Nc3 b5 6. Bd3 Qb6 7. Nb3 Qc7 8. 0-0 Bb7 9. Qe2 Be7 10. Bd2 Nc6 11. f4 d6 12. Kh1 Nf6 13. a4 b4 14. Na2 a5 15. c3 bxc3 16. Nxc3 0-0 17. Nb5 Qd8 18. Rad1 e5 19. Bc3 Qb8 20. Nd2 Nb4 21. Bb1 Bc6 22. Nc4 Bxb5 23. axb5 Qxb5 24. fxe5 dxe5 25. Bxe5 Ra6 26. Rf5 Re6 27. Qf1 g6 28. Rxf6 Bxf6 29. Bxf6 Rxf6 30. Qxf6 Qxc4 31. h3 Re8 32. e5 Nc6 33. Ba2 Qxa2 34. Qxc6 Rxe5 35. Qf6 Re8 36. Rd8 Qb1+ 37. Kh2 Qe4 38. Rxe8+ Qxe8 39. Qd4 Qb8+ 40. Kh1 Qe8 41. Kh2 Qe7 42. Kh1 h6 43. Qc3 Qa7 44. Qe5 Qb6 45. Qe8+ Kg7 46. Qe5+ Kh7 47. Qc3 f6 48. Qc4 Kg7 49. Qd5 Qc7 50. b3 h5 51. Qd4 g5 52. Qd3 Qc1+ 53. Kh2 Qe1 54. Qd7+ Kg6 55. Qd3+ Kh6 56. Qd8 Qe5+ 57. Kh1 Qa1+ 58. Kh2 Qe5+ 59. Kh1 g4 60. hxg4 hxg4 61. Qf8+ Kg5 62. Qg8+ Kh4 63. Qh8+ Qh5 64. g3+ Kg5+ 0-1

[Event "AUT-chT2W 0304"]
[Site "Austria"]
[Date "2004.01.16"]
[Round "6"]
[White "Westermeier, Arnulf"]
[Black "Heinzel, Olaf"]
[Result "1/2-1/2"]
[WhiteElo "2297"]
[BlackElo "2358"]
[PlyCount "42"]
[EventDate "2003.10.18"]
[EventType "team-tourn"]
[EventRounds "11"]
[EventCountry "AUT"]
[SourceTitle "EXT 2005"]
[Source "ChessBase"]
[SourceDate "2004.11.15"]
[SourceVersion "1"]
[SourceVersionDate "2004.11.15"]
[SourceQuality "1"]
[WhiteTeam "Salzburg ASK"]
[BlackTeam "Schwaz"]
[WhiteTeamCountry "AUT"]
[BlackTeamCountry "AUT"]

1. e4 d5 2. exd5 Nf6 3. d4 Nxd5 4. Be2 g6 5. Nf3 Bg7 6. 0-0 0-0 7. c4 Nb6 8. h3 Nc6 9. Be3 e5 10. dxe5 Nxe5 11. Nxe5 Bxe5 12. Nc3 Be6 13. Qb3 c6 14. Rad1 Qh4 15. f4 Bc7 16. Ne4 Bf5 17. Nd6 Bxh3 18. gxh3 Qg3+ 19. Kh1 Qxh3+ 20. Kg1 Qg3+ 21. Kh1 Qh3+ 1/2-1/2

[Event "AUT-chT2W 0304"]
[Site "Austria"]
[Date "2003.11.16"]
[Round "5"]
[White "Westermeier, Arnulf"]
[Black "Kelecevic, Nedeljko"]
[Result "1/2-1/2"]
[WhiteElo "2297"]
[BlackElo "2367"]
[PlyCount "44"]
[EventDate "2003.10.18"]
[EventType "team-tourn"]
[EventRounds "11"]
[EventCountry "AUT"]
[SourceTitle "CBM 097 Extra"]
[Source "ChessBase"]
[SourceDate "2004.01.13"]
[SourceVersion "1"]
[SourceVersionDate "2004.01.13"]
[SourceQuality "1"]
[WhiteTeam "Salzburg ASK"]
[BlackTeam "Bregenz"]
[WhiteTeamCountry "AUT"]
[BlackTeamCountry "AUT"]

1. e4 c5 2. Nf3 Nc6 3. d4 cxd4 4. Nxd4 Nf6 5. Nc3 d6 6. f4 e6 7. Be3 e5 8. Nxc6 bxc6 9. Be2 Be7 10. fxe5 dxe5 11. Qxd8+ Bxd8 12. Bc5 Be7 13. Bxe7 Kxe7 14. 0-0-0 Be6 15. Rd2 Rad8 16. Rhd1 Rxd2 17. Rxd2 Rb8 18. a3 a5 19. Bd3 g6 20. Nd1 Ne8 21. Ne3 Nd6 22. g4 f6 1/2-1/2

[Event "AUT-chT2W 0304"]
[Site "Austria"]
[Date "2003.11.15"]
[Round "4"]
[White "Reich, Thomas"]
[Black "Westermeier, Arnulf"]
[Result "1-0"]
[WhiteElo "2375"]
[BlackElo "2297"]
[PlyCount "73"]
[EventDate "2003.10.18"]
[EventType "team-tourn"]
[EventRounds "11"]
[EventCountry "AUT"]
[SourceTitle "CBM 097 Extra"]
[Source "ChessBase"]
[SourceDate "2004.01.13"]
[SourceVersion "1"]
[SourceVersionDate "2004.01.13"]
[SourceQuality "1"]
[WhiteTeam "Jenbach II"]
[BlackTeam "Salzburg ASK"]
[WhiteTeamCountry "AUT"]
[BlackTeamCountry "AUT"]

1. d4 d5 2. Nf3 Nf6 3. c4 e6 4. g3 Be7 5. Bg2 0-0 6. 0-0 Nbd7 7. Nc3 dxc4 8. e3 c6 9. Nd2 e5 10. Nxc4 exd4 11. exd4 Nb6 12. Nxb6 Qxb6 13. d5 cxd5 14. Be3 Qxb2 15. Bd4 Qa3 16. Rb1 a6 17. Re1 Be6 18. Rxb7 Rfe8 19. Re3 Qa5 20. Na4 Rab8 21. Rb6 Rxb6 22. Bxb6 Qb4 23. a3 Qc4 24. Bf1 Qc8 25. Rc3 Qa8 26. Bd4 Ne4 27. Rb3 Rb8 28. Nb6 Qb7 29. a4 Nc5 30. Rb2 Re8 31. a5 h6 32. Na4 Qa7 33. Rc2 Bf5 34. Rc3 Nxa4 35. Bxa7 Nxc3 36. Qf3 Ra8 37. Bb6 1-0

[Event "AUT-chT2M 0102"]
[Site "Austria"]
[Date "2001.11.04"]
[Round "3.1"]
[White "Westermeier, Arnulf"]
[Black "Medvegy, Zoltan"]
[Result "0-1"]
[WhiteElo "2293"]
[BlackElo "2430"]
[PlyCount "50"]
[EventDate "2001.11.02"]
[EventType "team"]
[EventRounds "11"]
[EventCountry "AUT"]
[SourceTitle "EXT 2003"]
[Source "ChessBase"]
[SourceDate "2002.11.25"]
[SourceVersion "1"]
[SourceVersionDate "2002.11.25"]
[SourceQuality "1"]
[WhiteTeam "Salzburg"]
[BlackTeam "Ranshofen"]
[WhiteTeamCountry "AUT"]
[BlackTeamCountry "AUT"]

1. e4 c5 2. Nf3 e6 3. d4 cxd4 4. Nxd4 Nc6 5. Nc3 Qc7 6. f4 a6 7. Nxc6 Qxc6 8. Bd3 b5 9. Qe2 Bb7 10. Bd2 Bc5 11. 0-0-0 Ne7 12. Qh5 g6 13. Qh6 b4 14. Ne2 f5 15. Ng3 0-0-0 16. Rhe1 Qb6 17. Kb1 a5 18. c3 Kb8 19. cxb4 axb4 20. Rc1 Qd6 21. Rxc5 Qxd3+ 22. Kc1 Rc8 23. Bxb4 Rxc5+ 24. Bxc5 Rc8 25. b4 d6 0-1

[Event "AUT-chT2M 0001"]
[Site "Austria"]
[Date "2001.??.??"]
[Round "8"]
[White "Heimberger, Reinhard"]
[Black "Westermeier, Arnulf"]
[Result "1/2-1/2"]
[WhiteElo "2285"]
[BlackElo "2285"]
[PlyCount "50"]
[EventDate "2000.??.??"]
[EventType "team"]
[EventRounds "9"]
[EventCountry "AUT"]
[SourceTitle "EXT 2003"]
[Source "ChessBase"]
[SourceDate "2002.11.25"]
[SourceVersion "1"]
[SourceVersionDate "2002.11.25"]
[SourceQuality "1"]

1. c4 e6 2. Nc3 d5 3. d4 Nf6 4. Nf3 Be7 5. Bg5 Nbd7 6. e3 0-0 7. Bd3 a6 8. cxd5 exd5 9. 0-0 Re8 10. Ne5 Nxe5 11. dxe5 Ng4 12. Bf4 Bf8 13. Nxd5 Nxe5 14. Bxe5 Rxe5 15. Nb6 Bg4 16. Qxg4 cxb6 17. Rfd1 Qf6 18. Be4 Re7 19. Rd4 g6 20. Rad1 Rae8 21. b3 Rc7 22. Bf3 b5 23. Rd7 Rc2 24. Rxb7 Rxa2 25. Qd7 Re7 1/2-1/2

[Event "AUT-chT2M 0001"]
[Site "Austria"]
[Date "2000.11.26"]
[Round "5.2"]
[White "Westermeier, Arnulf"]
[Black "Klinger, Josef"]
[Result "1/2-1/2"]
[WhiteElo "2285"]
[BlackElo "2425"]
[PlyCount "51"]
[EventDate "2000.??.??"]
[EventType "team"]
[EventRounds "9"]
[EventCountry "AUT"]
[SourceTitle "EXT 2003"]
[Source "ChessBase"]
[SourceDate "2002.11.25"]
[SourceVersion "1"]
[SourceVersionDate "2002.11.25"]
[SourceQuality "1"]

1. e4 Nc6 2. Nc3 Nf6 3. d4 d6 4. Nf3 Bg4 5. Bb5 a6 6. Bxc6+ bxc6 7. h3 Bh5 8. Qe2 e6 9. g4 Bg6 10. Nh4 d5 11. Nxg6 hxg6 12. Bg5 Be7 13. Bxf6 Bxf6 14. 0-0-0 Qd6 15. Qe3 Qb4 16. a3 Qa5 17. Rd3 Rb8 18. Nd1 dxe4 19. Qxe4 Qd5 20. Re1 Qd6 21. f4 0-0 22. g5 Be7 23. h4 Rfd8 24. Ne3 c5 25. d5 Qd7 26. dxe6 1/2-1/2

[Event "Bundesliga 1982/83"]
[Site "Germany"]
[Date "1983.02.06"]
[Round "9.6"]
[White "Roevekamp, Frank"]
[Black "Westermeier, Arnulf"]
[Result "1-0"]
[WhiteElo "2325"]
[BlackElo "2285"]
[PlyCount "100"]
[EventDate "1982.10.10"]
[EventType "team-tourn"]
[EventRounds "15"]
[EventCountry "GER"]
[SourceTitle "GER-chT"]
[Source "ChessBase"]
[SourceDate "1999.07.01"]
[SourceVersion "1"]
[SourceVersionDate "1999.07.01"]
[SourceQuality "1"]
[WhiteTeam "Bochum"]
[BlackTeam "Bayern Muenchen"]
[WhiteTeamCountry "GER"]
[BlackTeamCountry "GER"]

1. e4 c5 2. Nf3 d6 3. Bb5+ Bd7 4. Bxd7+ Qxd7 5. 0-0 Nc6 6. c3 Nf6 7. d4 cxd4 8. cxd4 d5 9. e5 Ne4 10. Ne1 h6 11. Be3 e6 12. f3 Ng5 13. Nd3 Be7 14. Nc3 Nh7 15. f4 g6 16. Rc1 Nb4 17. Nc5 Bxc5 18. dxc5 a6 19. a3 Nc6 20. Bd4 Qe7 21. b4 Rc8 22. Ne2 Nf8 23. Qd3 Nd7 24. Bb2 h5 25. Ng3 h4 26. Ne2 Rh5 27. g4 hxg3 28. hxg3 Qf8 29. Kg2 Qh6 30. Rh1 Ke7 31. g4 Rh4 32. Qg3 Rh8 33. Rxh4 Qxh4 34. Qxh4+ Rxh4 35. Kg3 Rh8 36. Nd4 Nxd4 37. Bxd4 Nb8 38. a4 Nc6 39. Bc3 Na7 40. Rb1 Kd7 41. b5 axb5 42. axb5 Nc8 43. Ra1 Ne7 44. Ra7 Kc7 45. c6 Nxc6 46. bxc6 Kxc6 47. Bd4 Rh1 48. Ra8 Rd1 49. Bf2 d4 50. Rd8 d3 1-0

[Event "Bundesliga 1981/82"]
[Site "Germany"]
[Date "1982.06.07"]
[Round "15.1"]
[White "Westermeier, Arnulf"]
[Black "Hort, Vlastimil"]
[Result "0-1"]
[WhiteElo "2305"]
[BlackElo "2590"]
[PlyCount "72"]
[EventDate "1981.10.11"]
[EventType "team-tourn"]
[EventRounds "15"]
[EventCountry "GER"]
[SourceTitle "GER-chT"]
[Source "ChessBase"]
[SourceDate "1999.07.01"]
[SourceVersion "1"]
[SourceVersionDate "1999.07.01"]
[SourceQuality "1"]
[WhiteTeam "Bayern Muenchen"]
[BlackTeam "Koeln Porz"]
[WhiteTeamCountry "GER"]
[BlackTeamCountry "GER"]

1. e4 c5 2. Nf3 Nc6 3. d4 cxd4 4. Nxd4 Nf6 5. Nc3 d6 6. f4 e5 7. Nf3 Be7 8. Bc4 Be6 9. Bb3 0-0 10. 0-0 h6 11. Kh1 Re8 12. Bxe6 fxe6 13. Qd3 Rc8 14. Be3 Ng4 15. a3 Bf6 16. Rad1 Nxe3 17. Qxe3 exf4 18. Qxf4 Qb6 19. e5 Bxe5 20. Nxe5 Nxe5 21. Qg3 Rf8 22. h3 Rxf1+ 23. Rxf1 Rf8 24. Rxf8+ Kxf8 25. Qf4+ Ke7 26. Qh4+ Kd7 27. Qa4+ Nc6 28. Qg4 Qxb2 29. Qxg7+ Ne7 30. Qd4 Qxa3 31. Ne4 Nf5 32. Nf6+ Kd8 33. Qd1 Ke7 34. Ng4 h5 35. Nf2 Qg3 36. Ne4 Qxg2+ 0-1

[Event "Bundesliga 1981/82"]
[Site "Germany"]
[Date "1982.06.06"]
[Round "14.1"]
[White "Backwinkel, Paul"]
[Black "Westermeier, Arnulf"]
[Result "1-0"]
[WhiteElo "2305"]
[BlackElo "2305"]
[PlyCount "120"]
[EventDate "1981.10.11"]
[EventType "team-tourn"]
[EventRounds "15"]
[EventCountry "GER"]
[SourceTitle "GER-chT"]
[Source "ChessBase"]
[SourceDate "1999.07.01"]
[SourceVersion "1"]
[SourceVersionDate "1999.07.01"]
[SourceQuality "1"]
[WhiteTeam "Duesseldorf"]
[BlackTeam "Bayern Muenchen"]
[WhiteTeamCountry "GER"]
[BlackTeamCountry "GER"]

1. Nf3 Nf6 2. g3 e6 3. Bg2 d5 4. 0-0 Be7 5. d3 c5 6. c3 b6 7. a3 Bb7 8. b4 0-0 9. Nbd2 Nbd7 10. Re1 Qc7 11. Bb2 Rad8 12. b5 a6 13. a4 Rfe8 14. Qc2 Bf8 15. e3 e5 16. c4 d4 17. e4 a5 18. Rf1 g6 19. Rae1 Bh6 20. Bc1 Nf8 21. Nh4 Bc8 22. h3 Ne6 23. Ndf3 Bxc1 24. Qxc1 Nh5 25. Kh2 f6 26. Ng1 Kh8 27. Bf3 Nhg7 28. Bg4 g5 29. Nf5 Nxf5 30. Bxf5 Rg8 31. Ne2 Rg7 32. Qd1 Rdg8 33. Nc1 Qf7 34. Bg4 Qe7 35. Rh1 Rg6 36. Bf5 Rh6 37. Qg4 Rg7 38. Nb3 Kg8 39. Nd2 Kf8 40. Reg1 Ke8 41. Rg2 Kd8 42. Kg1 Kc7 43. Rgh2 Kd6 44. Qd1 Bd7 45. h4 gxh4 46. Rxh4 Rxh4 47. Rxh4 Qf7 48. Nf3 Qg8 49. Kh1 Qf7 50. Qf1 Qg8 51. Rh6 Rf7 52. Qh3 Nf8 53. Qh5 Bxf5 54. exf5 Nd7 55. Ng5 Rg7 56. Ne4+ Ke7 57. Qh4 Rf7 58. g4 Qh8 59. g5 Kd8 60. g6 Re7 1-0

[Event "Bundesliga 1981/82"]
[Site "Germany"]
[Date "1982.05.15"]
[Round "12.1"]
[White "Stein, Bernd"]
[Black "Westermeier, Arnulf"]
[Result "1-0"]
[WhiteElo "2315"]
[BlackElo "2305"]
[PlyCount "55"]
[EventDate "1981.10.11"]
[EventType "team-tourn"]
[EventRounds "15"]
[EventCountry "GER"]
[SourceTitle "GER-chT"]
[Source "ChessBase"]
[SourceDate "1999.07.01"]
[SourceVersion "1"]
[SourceVersionDate "1999.07.01"]
[SourceQuality "1"]
[WhiteTeam "SKJE"]
[BlackTeam "Bayern Muenchen"]
[WhiteTeamCountry "GER"]
[BlackTeamCountry "GER"]

1. e4 c5 2. c3 Nf6 3. e5 Nd5 4. d4 cxd4 5. Qxd4 e6 6. Nf3 Nc6 7. Qe4 f5 8. exf6 Nxf6 9. Qc2 Qc7 10. Bg5 Ne5 11. Nbd2 b6 12. 0-0-0 Bb7 13. Bb5 a6 14. Be2 Ng6 15. Rhe1 Bc5 16. Nb3 Be7 17. Rd4 b5 18. Bd3 Bxf3 19. Bxg6+ hxg6 20. Qxg6+ Kf8 21. gxf3 e5 22. Rd2 Rxh2 23. Nd4 Nh5 24. Bxe7+ Kxe7 25. Nf5+ Kf8 26. Nd6 Kg8 27. Rxe5 Nf6 28. Rg5 1-0

[Event "Bundesliga 1981/82"]
[Site "Germany"]
[Date "1982.04.24"]
[Round "10.1"]
[White "Westermeier, Arnulf"]
[Black "Weidemann, Joerg"]
[Result "1/2-1/2"]
[WhiteElo "2305"]
[BlackElo "2285"]
[PlyCount "39"]
[EventDate "1981.10.11"]
[EventType "team-tourn"]
[EventRounds "15"]
[EventCountry "GER"]
[SourceTitle "GER-chT"]
[Source "ChessBase"]
[SourceDate "1999.07.01"]
[SourceVersion "1"]
[SourceVersionDate "1999.07.01"]
[SourceQuality "1"]
[WhiteTeam "Bayern Muenchen"]
[BlackTeam "Kettig"]
[WhiteTeamCountry "GER"]
[BlackTeamCountry "GER"]

1. e4 c5 2. Nf3 Nc6 3. d4 cxd4 4. Nxd4 g6 5. Nc3 Bg7 6. Be3 Nf6 7. Be2 0-0 8. f4 d5 9. e5 Ne8 10. Qd2 f6 11. exf6 Nxf6 12. 0-0-0 Ng4 13. Bxg4 Bxg4 14. Rde1 Na5 15. b3 Nc6 16. h3 Bc8 17. Nxc6 bxc6 18. Bd4 Bf6 19. Bxf6 exf6 20. Qd4 1/2-1/2

[Event "Bundesliga 1981/82"]
[Site "Germany"]
[Date "1982.03.07"]
[Round "9.1"]
[White "Westermeier, Arnulf"]
[Black "Schussler, Harry"]
[Result "1/2-1/2"]
[WhiteElo "2305"]
[BlackElo "2365"]
[PlyCount "34"]
[EventDate "1981.10.11"]
[EventType "team-tourn"]
[EventRounds "15"]
[EventCountry "GER"]
[SourceTitle "GER-chT"]
[Source "ChessBase"]
[SourceDate "1999.07.01"]
[SourceVersion "1"]
[SourceVersionDate "1999.07.01"]
[SourceQuality "1"]
[WhiteTeam "Bayern Muenchen"]
[BlackTeam "Bochum"]
[WhiteTeamCountry "GER"]
[BlackTeamCountry "GER"]

1. e4 d6 2. d4 Nf6 3. Nc3 g6 4. Nf3 Bg7 5. Bf4 0-0 6. Qd2 Nc6 7. d5 e5 8. dxe6 Bxe6 9. 0-0-0 Bg4 10. Bh6 Re8 11. Bxg7 Kxg7 12. Qf4 Qe7 13. Bb5 a6 14. Bxc6 bxc6 15. Rhe1 Bxf3 16. Qxf3 Qe5 17. Qg3 Qxg3 1/2-1/2